| 000 -ლიდერი |
| ფიქსირებული სიგრძის საკონტროლო ველი |
01197nam a22002297a 4500 |
| 003 - საკონტროლო ნომრის იდენტიფიკატორი |
| საკონტროლო ველი |
Ge_BSU |
| 005 - ბოლო ოპერაციის თარიღი და დრო |
| საკონტროლო ველი |
20220207122034.0 |
| 008 - ფიქსირებული სიგრძის მონაცემთა ელემენტები - ზოგადი ინფორმაცია |
| ფიქსირებული სიგრძის საკონტროლო ველი |
220207s2021 ge ||||| |||| 00| 0 geo d |
| 020 ## - წიგნის საერთაშორისო სტანდარტული ნომერი |
| International Standard Book Number |
9789941972416 |
| 041 ## - ენის კოდი |
| Language code of text/sound track or separate title |
geo |
| 080 ## - უნივერსალური ათობითი კლასიფიკაციის ინდექსი |
| Universal Decimal Classification number |
373.2 ბ-73 |
| 100 ## - მთავარი ჩანაწერი - პიროვნების სახელი |
| Personal name |
ბიტი, ჯენის ჯ. |
| 9 (RLIN) |
13486 |
| 245 ## - ცნობა სათაურის შესახებ |
| Title |
სკოლამდელი განათლების პედაგოგთა უნარ-ჩვევები = Skills for Preschool Teathers |
| Statement of responsibility, etc |
ჯენის ჯ. ბიტი; რედაქტორი ზურაბ აბაშიძე; მთარგმნელი ხათუნა ბუზარიაშვილი. |
| 264 ## - წარმოების, გამოცემის, დისტრიბუციის და სხვა ცნობები |
| გამოცემის, წარმოების, დისტრიბუციის... ადგილი |
თბილისი : |
| გამოცემის, წარმოების, დისტრიბუციის... სახელწოდება |
საგა, |
| გამოცემის, წარმოების, დისტრიბუციის... თარიღი |
2021. |
| 300 ## - ფიზიკური აღწერა |
| Extent |
400 გვ.: |
| Other physical details |
ილ., |
| Dimensions |
28 სმ. |
| 653 ## - INDEX TERM--UNCONTROLLED |
| Uncontrolled term |
სკოლამდელი განათლება |
| 653 ## - INDEX TERM--UNCONTROLLED |
| Uncontrolled term |
პედაგოგთა უნარ-ჩვევები |
| 653 ## - INDEX TERM--UNCONTROLLED |
| Uncontrolled term |
პედაგოგიკა |
| 700 ## - ADDED ENTRY--PERSONAL NAME |
| Personal name |
აბაშიძე, ზურაბ |
| Relator term |
რედაქტორი |
| 9 (RLIN) |
1322 |
| 700 ## - ADDED ENTRY--PERSONAL NAME |
| Personal name |
ბუზარიაშვილი, ხათუნა |
| Relator term |
მთარგმნელი |
| 9 (RLIN) |
13487 |
| 942 ## - ADDED ENTRY ELEMENTS (KOHA) |
| Source of classification or shelving scheme |
|
| Koha item type |
წიგნი |